000 00593nam a2200193Ia 4500
003 GCL
008 140319s9999 xx 000 0 ara d
040 _aGCL /
_cGCL
082 0 4 _a631.53
_bب ا
100 1 _aباركر، برثا موريس
245 1 0 _aالازهار والثمار والبذور /
_cباركر، برثا موريس
700 1 _aمحمد صابر سليم
300 _a36 ص
490 _aمجموعة الكتب العلمية المبسطة
_v0
650 0 4 _aالنباتات
650 0 4 _aالبذور
650 0 4 _aتلقيح النبات
942 _2ddc
_cBK
999 _c51340
_d51340